000 00569nam a2200193 i 4500
001 21659
003 ES-MaACL
005 20230906152525.0
007 t|
008 021127s1976 sp ||||1| spa d
100 1 _aAlbiac, Gabriel.
_919376
245 1 0 _aLouis Althusser
_b: cuestiones del leninismo... /
_cGabriel Albiac.
260 _a[Bilbao :
_bZero,
_c1976]
300 _a119 p. ;
_c20 cm.
490 1 _aBiblioteca promoción del pueblo
830 0 _aBiblioteca promoción del pueblo
_9180624
852 _aES-MaACL
_jA-5739
_bR.95109
999 _c21659
_d21659